MLB 2026 Opening Day Lineups - Statistics

General Stats
  • This quiz has been taken 407 times
    267 since last reset
  • The average score is 177 of 300
Answer Stats
Team Pos Player % Correct
NYY RF Aaron Judge
99%
NYY 1B Ben Rice
91%
NYY DH Giancarlo Stanton
91%
MIN DH Josh Bell
91%
NYY SP Max Fried
91%
TOR 1B Vladimir Guerrero Jr.
91%
HOU RF Cam Smith
90%
TEX 2B Josh Smith
90%
CHW SP Shane Smith
90%
LAD C Will Smith
90%
NYY LF Cody Bellinger
89%
KC SS Bobby Witt Jr.
88%
BAL SS Gunnar Henderson
88%
CLE 3B Jose Ramirez
88%
ATL RF Ronald Acuna Jr.
88%
MIA C Agustin Ramirez
87%
CHW CF Luisangel Acuna
87%
BAL 1B Pete Alonso
87%
DET SP Tarik Skubal
87%
HOU 2B Jose Altuve
86%
BOS LF Roman Anthony
86%
BOS 1B Willson Contreras
86%
NYY C Austin Wells
85%
PHI 1B Bryce Harper
85%
SEA C Cal Raleigh
85%
NYM SS Francisco Lindor
85%
PHI SS Trea Turner
85%
NYY CF Trent Grisham
85%
HOU DH Yordan Alvarez
85%
PHI RF Adolis Garcia
84%
BOS SP Garrett Crochet
84%
BOS DH Jarren Duran
84%
PHI DH Kyle Schwarber
84%
KC 3B Maikel Garcia
84%
ATL 1B Matt Olson
84%
LAA CF Mike Trout
84%
NYM C Francisco Alvarez
83%
NYY 2B Jazz Chisholm Jr.
83%
SEA CF Julio Rodriguez
83%
BOS SS Trevor Story
83%
NYM 3B Bo Bichette
82%
TEX SS Corey Seager
82%
NYM LF Juan Soto
82%
DET LF Riley Greene
82%
KC C Salvador Perez
81%
CLE LF Steven Kwan
81%
HOU C Yainer Diaz
81%
TB DH Yandy Diaz
81%
BAL C Adley Rutschman
80%
TOR C Alejandro Kirk
80%
MIN CF Byron Buxton
80%
CIN SS Elly De La Cruz
80%
SEA 1B Josh Naylor
80%
NYY 3B Ryan McMahon
80%
MIL C William Contreras
80%
CLE C Bo Naylor
79%
LAD 1B Freddie Freeman
79%
WAS LF James Wood
79%
LAD | OAK 3B Max Muncy
79%
LAD SS Mookie Betts
79%
OAK 1B Nick Kurtz
79%
ATL 2B Ozzie Albies
79%
LAD DH Shohei Ohtani
79%
PHI 3B Alec Bohm
78%
ATL SP Chris Sale
78%
PHI SP Cristopher Sanchez
78%
TOR DH George Springer
78%
LAD RF Kyle Tucker
78%
PIT CF Oneil Cruz
78%
CHC 3B Alex Bregman
77%
PHI C J.T. Realmuto
77%
DET SS Javier Baez
76%
DET 1B Spencer Torkelson
76%
PIT 2B Brandon Lowe
75%
PHI 2B Bryson Stott
75%
HOU 1B Christian Walker
75%
SD RF Fernando Tatis Jr.
75%
OAK SS Jacob Wilson
75%
STL RF Jordan Walker
75%
LAA LF Josh Lowe
75%
TB 3B Junior Caminero
75%
ARI 2B Ketel Marte
75%
PIT SP Paul Skenes
75%
KC RF Starling Marte
75%
CIN RF Noelvi Marte
74%
ATL 3B Austin Riley
73%
LAD LF Teoscar Hernandez
73%
MIA LF Heriberto Hernandez
72%
SD 3B Manny Machado
72%
CHC CF Pete Crow-Armstrong
72%
BOS RF Wilyer Abreu
72%
LAA SS Zach Neto
72%
LAD CF Andy Pages
71%
MIL 2B Brice Turang
71%
DET 2B Gleyber Torres
71%
STL C Pedro Pages
71%
HOU SS Carlos Correa
70%
PHI CF Justin Crawford
70%
TOR SP Kevin Gausman
70%
NYM 2B Marcus Semien
70%
CHW 1B Munetaka Murakami
70%
SF SS Willy Adames
70%
CHC SS Dansby Swanson
69%
NYY SS Jose Caballero
69%
OAK C Shea Langeliers
69%
MIL DH Christian Yelich
68%
ARI RF Corbin Carroll
68%
DET RF Kerry Carpenter
68%
SF 3B Matt Chapman
68%
CHC 2B Nico Hoerner
68%
KC 1B Vinnie Pasquantino
68%
LAD SP Yoshinobu Yamamoto
68%
OAK DH Brent Rooker
67%
WAS SS C.J. Abrams
67%
TOR CF Daulton Varsho
67%
ATL DH Drake Baldwin
67%
SD CF Jackson Merrill
67%
MIN SP Joe Ryan
67%
ATL CF Michael Harris II
67%
SF DH Rafael Devers
67%
PHI LF Brandon Marsh
66%
BOS CF Ceddanne Rafaela
66%
TOR 2B Ernie Clement
66%
SEA SP Logan Gilbert
66%
KC SP Cole Ragans
65%
CHW SS Colson Montgomery
65%
NYM SP Freddy Peralta
65%
SEA LF Randy Arozarena
65%
BOS 3B Caleb Durbin
64%
CIN DH Eugenio Suarez
64%
HOU SP Hunter Brown
64%
SF RF Jung Hoo Lee
64%
OAK RF Lawrence Butler
64%
CHC 1B Michael Busch
64%
MIA SS Otto Lopez
64%
MIA SP Sandy Alcantara
64%
TEX CF Wyatt Langford
64%
SD SS Xander Bogaerts
64%
MIN SS Brooks Lee
63%
ARI SS Geraldo Perdomo
63%
SF SP Logan Webb
63%
NYM CF Luis Robert Jr.
63%
TOR SS Andres Gimenez
62%
TEX RF Brandon Nimmo
62%
TB CF Cedric Mullins
62%
CHC LF Ian Happ
62%
TB 1B Jonathan Aranda
62%
PIT DH Marcell Ozuna
62%
TEX SP Nathan Eovaldi
62%
ARI 3B Nolan Arenado
62%
ATL C Jonah Heim
61%
NYM 1B Jorge Polanco
61%
TOR RF Addison Barger
60%
BAL LF Taylor Ward
60%
BOS C Carlos Narvaez
59%
DET C Dillon Dingler
59%
LAA C Logan O'Hoppe
59%
SF 2B Luis Arraez
59%
OAK SP Luis Severino
59%
STL SS Masyn Winn
59%
SEA 3B Brendan Donovan
57%
COL C Hunter Goodman
57%
LAA RF Jo Adell
57%
LAA DH Jorge Soler
57%
LAA 1B Nolan Schanuel
57%
MIA 2B Xavier Edwards
57%
SEA 2B Cole Young
56%
ARI C Gabriel Moreno
56%
WAS CF Jacob Young
56%
TEX 1B Jake Burger
56%
BAL SP Trevor Rogers
56%
PIT LF Bryan Reynolds
55%
CLE RF Chase DeLauter
55%
HOU 3B Isaac Paredes
55%
TEX 3B Josh Jung
55%
SF C Patrick Bailey
55%
CLE SP Tanner Bibee
55%
OAK LF Tyler Soderstrom
55%
NYM DH Brett Baty
54%
TB SS Carson Williams
54%
COL SS Ezequiel Tovar
54%
KC 2B Jonathan India
54%
CHW 3B Miguel Vargas
54%
ARI SP Zac Gallen
54%
SD 2B Jake Cronenworth
53%
BAL CF Colton Cowser
52%
STL 2B J.J. Wetherholt
52%
COL SP Kyle Freeland
52%
LAD 2B Miguel Rojas
52%
PIT RF Ryan O'Hearn
52%
NYM RF Carson Benge
51%
CHC C Carson Kelly
51%
KC CF Lane Thomas
51%
CIN 1B Sal Stewart
51%
BAL DH Samuel Basallo
51%
ARI CF Alek Thomas
50%
MIN LF Austin Martin
50%
WAS C Keibert Ruiz
50%
DET 3B Kevin McGonigle
50%
CHC SP Matthew Boyd
50%
MIN 3B Royce Lewis
50%
MIN C Ryan Jeffers
50%
CIN SP Andrew Abbott
49%
CHW 2B Chase Meidroth
49%
OAK 2B Jeff McNeil
49%
LAA SP Jose Soriano
49%
ATL SS Mauricio Dubon
49%
CIN C Tyler Stephenson
49%
STL 1B Alec Burleson
48%
TOR 3B Kazuma Okamoto
48%
MIL 1B Andrew Vaughn
47%
OAK CF Denzel Clarke
47%
SF CF Harrison Bader
47%
CLE 2B Brayan Rocchio
46%
COL CF Brenton Doyle
46%
ARI 1B Carlos Santana
46%
DET CF Parker Meadows
46%
MIL RF Sal Frelick
46%
CIN CF T.J. Friedl
46%
LAA 3B Yoan Moncada
46%
CHW DH Andrew Benintendi
45%
STL DH Ivan Herrera
45%
SD SP Nick Pivetta
45%
STL CF Victor Scott II
45%
TB SP Drew Rasmussen
44%
MIL SP Jacob Misiorowski
44%
CLE 1B Rhys Hoskins
44%
KC DH Carter Jensen
43%
PIT C Henry Davis
43%
CIN 3B Ke'Bryan Hayes
43%
CLE DH Kyle Manzardo
43%
MIN 2B Luke Keaschall
43%
CIN 2B Matt McLain
43%
CIN LF Spencer Steer
43%
TOR LF Nathan Lukes
42%
BAL RF Tyler O'Neill
42%
TEX C Danny Jansen
41%
CHW C Edgar Quero
41%
MIL SS Joey Ortiz
41%
SEA RF Luke Raley
41%
ATL LF Eli White
40%
TEX DH Andrew McCutchen
39%
DET DH Colt Keith
39%
CLE SS Gabriel Arias
39%
STL 3B Nolan Gorman
39%
MIL CF Garrett Mitchell
38%
SF LF Heliot Ramos
38%
MIN RF Matt Wallner
38%
SD 1B Gavin Sheets
37%
MIA CF Jakob Marsee
37%
CHC RF Matt Shaw
37%
TB C Nick Fortes
37%
BAL 3B Coby Mayo
36%
SD C Freddy Fermin
36%
HOU CF Jake Meyers
36%
PIT 3B Nick Gonzales
36%
TB 2B Ben Williamson
35%
BOS 2B Isiah Kiner-Falefa
35%
PIT SS Jared Triolo
35%
STL SP Matthew Liberatore
35%
CHW LF Austin Hays
34%
BAL 2B Blaze Alexander
34%
SEA DH Dominic Canzone
34%
CHC DH Moises Ballesteros
34%
WAS 3B Brady House
33%
TB RF Jonny DeLuca
33%
PIT 1B Spencer Horwitz
33%
WAS SP Cade Cavalli
32%
COL LF Jake McCarthy
32%
SF 1B Casey Schmitt
30%
KC LF Isaac Collins
30%
SD LF Ramon Laureano
30%
WAS DH Daylen Lile
29%
COL RF Jordan Beck
29%
MIA 1B Connor Norby
28%
MIL 3B David Hamilton
28%
MIA DH Owen Caissie
28%
COL 2B Willi Castro
28%
LAA 2B Oswald Peraza
26%
MIL LF Jake Bauers
25%
WAS RF Joey Wiemer
25%
SEA SS Leo Rivas
25%
SD DH Miguel Andujar
25%
WAS 2B Nasim Nunez
24%
STL LF Nathan Church
24%
COL DH Edouard Julien
22%
HOU LF Joey Loperfido
22%
COL 3B Kyle Karros
22%
TB LF Ryan Vilade
21%
CLE CF Daniel Schneemann
20%
MIA 3B Javier Sanoja
20%
COL 1B T.J. Rumfield
20%
ARI LF Jordan Lawlar
19%
ARI DH Tim Tawa
19%
MIN 1B Victor Caratini
19%
WAS 1B Andres Chaparro
17%
CHW RF Everson Pereira
16%
TEX LF Sam Haggerty
16%
MIA RF Austin Slater
15%
No matching quizzes found
Score Distribution
Percent of People with Each Score
Percentile by Number Answered
Your Score History
You have not taken this quiz since the last reset